Introduction to wireless and mobile systems (Record no. 570503)

000 -LEADER
fixed length control field 00511nam a22001817a 4500
003 - CONTROL NUMBER IDENTIFIER
control field CEME
005 - DATE AND TIME OF LATEST TRANSACTION
control field 20210628202639.0
008 - FIXED-LENGTH DATA ELEMENTS--GENERAL INFORMATION
fixed length control field 210125b xxu||||| |||| 00| 0 eng d
020 ## - INTERNATIONAL STANDARD BOOK NUMBER
International Standard Book Number 0-534-40851-6
040 ## - CATALOGING SOURCE
Transcribing agency .
082 ## - DEWEY DECIMAL CLASSIFICATION NUMBER
Classification number 621.382 AGR
100 ## - MAIN ENTRY--PERSONAL NAME
Personal name Agrawal , Dharma Prakash Zeng, Qing-An
9 (RLIN) 60893
245 ## - TITLE STATEMENT
Title Introduction to wireless and mobile systems
260 ## - PUBLICATION, DISTRIBUTION, ETC.
Place of publication, distribution, etc. SINGAPORE
Name of publisher, distributor, etc. THOMSON LEARNING
Date of publication, distribution, etc. 2003
300 ## - PHYSICAL DESCRIPTION
Extent XVIII,438 P
650 ## - SUBJECT ADDED ENTRY--TOPICAL TERM
Topical term or geographic name entry element WIRELESS SYSTEMS.MOBILE SYSTEMS
9 (RLIN) 60894
942 ## - ADDED ENTRY ELEMENTS (KOHA)
Koha item type Book
Source of classification or shelving scheme
Holdings
Withdrawn status Lost status Damaged status Not for loan Permanent Location Current Location Shelving location Date acquired Total Checkouts Full call number Barcode Date last seen Price effective from Koha item type
        College of Electrical & Mechanical Engineering (CEME) College of Electrical & Mechanical Engineering (CEME) General Stacks 07/20/2017   621.382 AGR CEME-41613 06/28/2021 06/28/2021 Book
© 2023 Central Library, National University of Sciences and Technology. All Rights Reserved.